| 000 | 00333nam a2200109Ia 4500 | ||
|---|---|---|---|
| 008 | 171211s9999 xx 000 0 und d | ||
| 245 | _aMarching into Darkness: The Wehrmacht and the Holocaust in Belarus | ||
| 245 | _cWaitman Wade Beorn | ||
| 260 | _c2014 | ||
| 650 | _xHistory | ||
| 856 | _uhttp://down.ebook777.com/063/0674725506.pdf | ||
| 999 |
_c348823 _d348823 |
||